000 00317nam a2200133Ia 4500
005 20260328104305.0
008 260328s9999||||xx |||||||||||||| ||und||
100 _aSienkiewicz, Enrique
245 0 _aQuo Vadis? /
_cEnrique Sienkiewicz
260 _bFernandez
300 _a308 p.
650 _aNOVELAS
942 _cBK
999 _c10744
_d10744